| 000 | 00624nam a2200229Ia 4500 | ||
|---|---|---|---|
| 999 |
_c41633 _d41633 |
||
| 001 | 8302 | ||
| 003 | GE_BSU | ||
| 005 | 20240429164916.0 | ||
| 008 | 181216s2012||||enk|||||||||||||| ||eng|| | ||
| 020 | _a9780585077272 | ||
| 040 | _cGE_BSU | ||
| 041 | _aeng. | ||
| 080 | _a811.111(075) N-52 | ||
| 100 |
_aNewbrook, Jasky _93174 |
||
| 245 |
_aNew proficiency GOLD Coursebook : _bGold / _cNewbrook Jasky, Wilson Judith. |
||
| 264 |
_aEngland : _bLongman, _c2012 |
||
| 300 |
_a240 p.; _c28 cm. |
||
| 541 | _h21Gel. | ||
| 653 | _aNew proficiency GOLD Coursebook | ||
| 700 |
_aJudith, Wilson _cAvthor _921985 |
||
| 942 |
_cBK _2udc |
||